Borussia Dortmund Squad 2023-2024 - Statistics

General Stats
  • This quiz has been taken 407 times
    279 since last reset
  • The average score is 22 of 29
Answer Stats
# Position Nation Player % Correct
1 GK Switzerland Gregor Kobel
98%
10 FW England Jadon Sancho
90%
20 MF Austria Marcel Sabitzer
89%
11 MF Germany Marco Reus
88%
23 MF Germany Emre Can
87%
7 MF United States Giovanni Reyna
87%
4 DF Germany Nico Schlotterbeck
87%
9 FW Ivory Coast Sébastien Haller
87%
15 DF Germany Mats Hummels
86%
19 MF Germany Julian Brandt
85%
25 DF Germany Niklas Süle
85%
21 FW Netherlands Donyell Malen
84%
27 FW Germany Karim Adeyemi
80%
6 MF Turkey Salih Özcan
80%
22 DF Netherlands Ian Maatsen
79%
5 DF Algeria Ramy Bensebaini
79%
26 DF Norway Julian Ryerson
78%
43 FW England Jamie Bynoe-Gittens
77%
14 FW Germany Niclas Füllkrug
75%
- Coach Germany Edin Terzić
72%
2 DF Spain Mateu Morey
66%
24 DF Belgium Thomas Meunier
64%
33 GK Germany Alexander Meyer
62%
18 FW Germany Youssoufa Moukoko
62%
8 MF Germany Felix Nmecha
59%
17 DF Germany Marius Wolf
55%
16 FW Belgium Julien Duranville
53%
35 GK Germany Marcel Lotka
42%
30 MF Germany Ole Pohlmann
23%
No matching quizzes found
Score Distribution
Percent of People with Each Score
Percentile by Number Answered
Your Score History
You have not taken this quiz since the last reset